[Event "Medellin Sub zt 2.3.2"]
[Site "Medellin"]
[Date "2025.04.18"]
[Round "7"]
[White "Patel, Dhyaan"]
[Black "Acosta Morales, Juan Carlos"]
[Result "1-0"]
[WhiteElo "1743"]
[BlackElo "1908"]
[PlyCount "76"]
[EventDate "2025.04.14"]
[EventType "swiss"]
[EventRounds "9"]
[EventCountry "COL"]
[SourceTitle "CB18_2025"]
[SourceDate "2025.04.30"]
[SourceVersion "1"]
[SourceVersionDate "2025.04.30"]
[SourceQuality "1"]

1. e4 c5 2. Nf3 d6 3. d4 cxd4 4. Nxd4 Nf6 5. Nc3 g6 6. Be3 Bg7 7. f3 0-0 8. Qd2 Nc6 9. g4 Nxd4 10. Bxd4 Be6 11. h4 Qa5 12. h5 Qb4 13. 0-0-0 Rab8 14. Qh2 Nxg4 15. fxg4 Bxd4 16. hxg6 Be3+ 17. Kb1 h6 18. Rd3 Bg5 19. Qh5 Qa5 20. Be2 Qe5 21. Nd5 Kg7 22. Nxe7 Bxa2+ 23. Kxa2 Qxe7 24. gxf7 Rxf7 25. Rd5 Rc8 26. Bd3 Rc5 27. Rxc5 dxc5 28. Bc4 Rf2 29. Kb1 Qxe4 30. Bd3 Qe6 31. Rd1 Qd6 32. Qh1 Qc6 33. Be4 Qb5 34. Bf5 Bf6 35. Rd7+ Kg8 36. Be6+ Kf8 37. Qxh6+ Bg7 38. Qxg7+ Ke8 1-0

[Event "Medellin Sub zt 2.3.2"]
[Site "Medellin"]
[Date "2025.04.18"]
[Round "8"]
[White "Pedrosa Rivera, Joshua"]
[Black "Patel, Dhyaan"]
[Result "0-1"]
[WhiteElo "1916"]
[BlackElo "1743"]
[PlyCount "68"]
[EventDate "2025.04.14"]
[EventType "swiss"]
[EventRounds "9"]
[EventCountry "COL"]
[SourceTitle "CB18_2025"]
[SourceDate "2025.04.30"]
[SourceVersion "1"]
[SourceVersionDate "2025.04.30"]
[SourceQuality "1"]

1. d4 Nf6 2. Nc3 d5 3. Bf4 g6 4. e3 Bg7 5. h4 h5 6. Nf3 0-0 7. Nb5 Na6 8. Be2 c6 9. Nc3 Nc7 10. Be5 b5 11. a4 Ne4 12. Bxg7 Nxc3 13. bxc3 Kxg7 14. Ne5 Qd6 15. g4 f6 16. Nd3 hxg4 17. Bxg4 bxa4 18. h5 Rh8 19. Bxc8 Raxc8 20. Qg4 f5 21. Qg2 Qf6 22. Kd2 Ne6 23. f4 g5 24. fxg5 Nxg5 25. Rag1 Kh6 26. Ne5 Ne4+ 27. Kc1 a3 28. Qf3 Rhg8 29. Rg6+ Rxg6 30. hxg6+ Kg7 31. Rh7+ Kg8 32. Qh5 a2 33. Kb2 Rb8+ 34. Kxa2 Nxc3+ 0-1

[Event "Medellin Sub zt 2.3.2"]
[Site "Medellin"]
[Date "2025.04.16"]
[Round "4"]
[White "Duran Barraza, Mateo Andres"]
[Black "Patel, Dhyaan"]
[Result "1-0"]
[WhiteElo "1969"]
[BlackElo "1743"]
[PlyCount "53"]
[EventDate "2025.04.14"]
[EventType "swiss"]
[EventRounds "9"]
[EventCountry "COL"]
[SourceTitle "CB18_2025"]
[SourceDate "2025.04.30"]
[SourceVersion "1"]
[SourceVersionDate "2025.04.30"]
[SourceQuality "1"]

1. e4 e5 2. Nf3 Nc6 3. Bc4 Nf6 4. d3 h6 5. c3 d6 6. 0-0 g5 7. d4 g4 8. dxe5 gxf3 9. exf6 fxg2 10. Re1 Qxf6 11. f4 Bd7 12. b4 0-0-0 13. Be3 Be6 14. b5 Bxc4 15. bxc6 d5 16. Bd4 Qxf4 17. Nd2 f6 18. Be3 Qh4 19. cxb7+ Kxb7 20. Rb1+ Kc8 21. Nxc4 Qxe4 22. Nd2 Qe6 23. Qa4 Bd6 24. Rb8+ Kxb8 25. Bxa7+ Kc8 26. Rxe6 Rhg8 27. Nf3 1-0

[Event "IND-ch Schools"]
[Site "Gyan Bhawan Patna"]
[Date "2024.02.10"]
[Round "9"]
[White "Patel, Dhyaan"]
[Black "Advik, Amit Agrawal"]
[Result "0-1"]
[WhiteElo "1172"]
[BlackElo "1490"]
[PlyCount "60"]
[EventDate "2024.02.06"]
[EventType "swiss"]
[EventRounds "9"]
[EventCountry "IND"]
[SourceTitle "EXT 2025"]
[Source "ChessBase"]
[SourceDate "2024.10.14"]
[SourceVersion "1"]
[SourceVersionDate "2024.10.14"]
[SourceQuality "1"]

1. d4 e6 2. c4 Nf6 3. Nc3 Bb4 4. e3 0-0 5. Bd3 d5 6. Nge2 dxc4 7. Bxc4 c5 8. a3 Bxc3+ 9. bxc3 Nc6 10. 0-0 e5 11. Bb2 Bf5 12. f3 Qb6 13. Qd2 Rfd8 14. Rfd1 cxd4 15. cxd4 Na5 16. Ba2 Rac8 17. Rac1 Ne8 18. Kh1 Nb3 19. Bxb3 Qxb3 20. e4 Be6 21. d5 f6 22. Rxc8 Bxc8 23. Rc1 Bd7 24. Rc3 Qb6 25. Nc1 Nd6 26. Nd3 Bb5 27. Rb3 Nc4 28. Qb4 Nxb2 29. Nxb2 Qf2 30. h3 Bf1 0-1